000 01117nam a2200289 i 4500
003 EG-GICUC
005 20260330224225.0
008 260330s1875 fr ||||fr|||| 00| 0 fre d
040 _aEG-GiCUC
_bfre
_cEG-GiCUC
_dEG-GiCUC
_eRda
082 0 4 _221
_a341.84
_bCA . F
092 0 4 _221
099 _aLaw1 12 341.84 CA . F 1875
100 1 _aCarle,M.Giaseppe
_eAuteur
245 _aLa Faillite Dans Le Droit International Privé Ou Du Conflit Des Lois De Différentes Nations En Matière De Faillite :
_bTraduit Et Annoté Avec Une Analyse De La Jurisprudence Française Et Plusieurs Autres Additions /
_cM. Giuseppe Carle .
264 1 _aParis :
_bA. Marescq Aîné, Libraire-Éditeur ,
_c1875 .
300 _a163 page ;
_c24 cm.
336 _2rda contenu
_a texte
337 _2rda medias
_aOrdinateur
338 _2 transporteur rda
_a Ressource en ligne
546 _aTexte en français
650 _aDroit International Privé
650 _aConflit De Lois
700 1 _aDubois,M.Ernest
_eAuteur
856 4 0 _uhttps://fll.law.cu.edu.eg/fulltext/bks/B12-02883.pdf
905 _a59
942 _2ddc
_n0
_cBK
_e21
999 _c67599
_d67599